Primary colors : (Record no. 5214)
[ view plain ]
| 000 -LEADER | |
|---|---|
| fixed length control field | 00523nam a2200181 4500 |
| 001 - CONTROL NUMBER | |
| control field | 6172 |
| 003 - CONTROL NUMBER IDENTIFIER | |
| control field | OCoLC |
| 005 - DATE AND TIME OF LATEST TRANSACTION | |
| control field | 20181127181103.0 |
| 020 ## - INTERNATIONAL STANDARD BOOK NUMBER | |
| International Standard Book Number | 0446604275 |
| Terms of availability | |
| 245 00 - TITLE STATEMENT | |
| Title | Primary colors : |
| Remainder of title | a novel of politics / |
| Statement of responsibility, etc. | by Anonymous. |
| 260 ## - PUBLICATION, DISTRIBUTION, ETC. | |
| Place of publication, distribution, etc. | New York : |
| Name of publisher, distributor, etc. | Warner Books, |
| Date of publication, distribution, etc. | c1996. |
| 300 ## - PHYSICAL DESCRIPTION | |
| Extent | 507 p. ; |
| Dimensions | 17 cm. |
| 500 ## - GENERAL NOTE | |
| General note | New York : Random House, c1996. |
| 650 #0 - SUBJECT ADDED ENTRY--TOPICAL TERM | |
| Topical term or geographic name entry element | Presidents |
| Geographic subdivision | United States |
| General subdivision | Election |
| Form subdivision | Fiction. |
| 655 #0 - INDEX TERM--GENRE/FORM | |
| Genre/form data or focus term | Political fiction. |
| 700 1# - ADDED ENTRY--PERSONAL NAME | |
| Personal name | Klein, Joe, |
| Dates associated with a name | 1946- |
| Withdrawn status | Lost status | Source of classification or shelving scheme | Damaged status | Not for loan | Collection code | Home library | Current library | Shelving location | Date acquired | Serial Enumeration / chronology | Inventory number | Total Checkouts | Full call number | Barcode | Date last seen | Price effective from | Koha item type |
|---|---|---|---|---|---|---|---|---|---|---|---|---|---|---|---|---|---|
| Dewey Decimal Classification | Fiction | RTC Library | RTC Library | Fiction | 07/04/2022 | 9914 | FIC 813.54 ANO | 30010002 | 03/01/2022 | 27/11/2018 | Fiction |